| 000 | 00757nam a2200253Ia 4500 | ||
|---|---|---|---|
| 005 | 20220316235716.0 | ||
| 008 | 121119s1999 ck gr 000 p spa | ||
| 020 | _a9586146979 | ||
| 041 | 0 | _aspa | |
| 100 | 1 |
_aBarba Jacob, Porfirio _d1883-1952 |
|
| 245 | 1 | 0 |
_aPoesía completa _cPorfirio Barba Jacob |
| 250 | _aPrimera edición | ||
| 300 |
_a326 páginas _c21 cm |
||
| 650 | 1 | 4 |
_aPoesía colombiana _2LEMB |
| 650 | 1 | 4 |
_aNiños _vPoesías _2LEMB |
| 650 | 1 | 4 |
_aPoesía amorosa colombiana _2LEMB |
| 942 |
_2loc _cBKLIT |
||
| 264 |
_aSanta Fé de Bogotá _bPlaneta _c1999 |
||
| 336 |
_atexto _btxt _2rdacontent |
||
| 337 |
_asin mediación _bn _2rdamedia |
||
| 338 |
_avolumen _bnc _2rdacarrier |
||
| 040 |
_aCO-BoRNBP _bspa _erda _cCO-BoRNBP |
||
| 084 | _aP BAR1 | ||
| 999 |
_c1900 _d1900 |
||